Research methodology: methods and techniques / (Record no. 404)

000 -LEADER
fixed length control field 00494 a2200169 4500
008 - FIXED-LENGTH DATA ELEMENTS--GENERAL INFORMATION
fixed length control field 221018b ||||| |||| 00| 0 eng d
020 ## - INTERNATIONAL STANDARD BOOK NUMBER
International Standard Book Number 9788122436235
082 00 - DEWEY DECIMAL CLASSIFICATION NUMBER
Classification number 300.723
Item number K872
100 ## - MAIN ENTRY--PERSONAL NAME
Personal name Kothari, C. R.
245 ## - TITLE STATEMENT
Title Research methodology: methods and techniques /
250 ## - EDITION STATEMENT
Edition statement 3rd ed.
260 ## - PUBLICATION, DISTRIBUTION, ETC. (IMPRINT)
Place of publication, distribution, etc New Delhi:
Name of publisher, distributor, etc New Age International,
Date of publication, distribution, etc 2017.
300 ## - PHYSICAL DESCRIPTION
Extent xi, 449 p.
650 #0 - SUBJECT ADDED ENTRY--TOPICAL TERM
Topical term or geographic name as entry element Research Methodology
700 ## - ADDED ENTRY--PERSONAL NAME
9 (RLIN) 5313
Personal name Garg, Gaurav
942 ## - ADDED ENTRY ELEMENTS (KOHA)
Source of classification or shelving scheme
Item type Books
Holdings
Withdrawn status Lost status Source of classification or shelving scheme Damaged status Not for loan Permanent location Current location Date acquired Source of acquisition Cost, normal purchase price Total Checkouts Full call number Barcode Date last seen Date last borrowed Cost, replacement price Koha item type Total Renewals Checked out
          IMU Kolkata IMU Kolkata 2017-03-15 B. Bross & Co. 200.75 1 300.723 K872 12105 2025-03-01 2025-02-14 275.00 Books    
          IMU Kolkata IMU Kolkata 2017-04-26 Jyoti, the Book People 197.72   300.723 K872 12489 2019-10-14   275.00 Books    
          IMU Kolkata IMU Kolkata 2017-04-26 Jyoti, the Book People 197.72 1 300.723 K872 12490 2024-02-19 2024-01-22 275.00 Books 1  
          IMU Kolkata IMU Kolkata 2017-04-26 Jyoti, the Book People 197.72   300.723 K872 12491 2019-10-14   275.00 Books    
          IMU Kolkata IMU Kolkata 2017-04-26 Jyoti, the Book People 197.72 2 300.723 K872 12492 2025-04-29 2025-03-18 275.00 Books 2  
          IMU Kolkata IMU Kolkata 2017-04-26 Jyoti, the Book People 197.72 2 300.723 K872 12493 2025-03-21 2025-02-14 275.00 Books 2  
          IMU Kolkata IMU Kolkata 2017-04-26 Jyoti, the Book People 197.72 8 300.723 K872 12494 2026-01-27 2026-01-27 275.00 Books 2 2026-07-26
          IMU Kolkata IMU Kolkata 2017-04-26 Jyoti, the Book People 197.72 3 300.723 K872 12495 2023-06-05 2023-05-18 275.00 Books 2  
          IMU Kolkata IMU Kolkata 2017-04-26 Jyoti, the Book People 197.72 1 300.723 K872 12496 2025-12-19 2023-06-26 275.00 Books    
          IMU Kolkata IMU Kolkata 2017-04-26 Jyoti, the Book People 197.72 4 300.723 K872 12497 2025-04-12 2025-03-19 275.00 Books 2  
          IMU Kolkata IMU Kolkata 2017-04-26 Jyoti, the Book People 197.72   300.723 K872 12498 2019-10-14   275.00 Books    
Designed and Maintained by IMU-KC Library, Kolkata Campus © Copyright All Rights Reserved

webs counters

Powered by Koha